Mastering financial modelling in microsoft excel: Practitioner's guide to applied corporate finance (Record no. 396938)

MARC details
000 -LEADER
fixed length control field 00596 a2200205 4500
005 - DATE & TIME
control field 20260414105920.0
008 - FIXED-LENGTH DATA ELEMENTS--GENERAL INFORMATION
fixed length control field 260413b |||||||| |||| 00| 0 eng d
020 ## - ISBN
International Standard Book Number 9788131719619
Price Rs. 810.00
040 ## - CATALOGING SOURCE
Original cataloging agency VIVEKANANDA LIBRARY
082 ## - DDC NUMBER
Classification number 332.0285
Book Number D33M(2)
100 ## - MAIN ENTRY--PERSONAL NAME
Personal name Day, Alastair L
245 ## - TITLE STATEMENT
Title Mastering financial modelling in microsoft excel: Practitioner's guide to applied corporate finance
250 ## - EDITION STATEMENT
Edition statement 2nd
260 ## - PUBLICATION, DISTRIBUTION, ETC. (IMPRINT)
Name of publisher, distributor, etc Pearson Education
Place of publication, distribution, etc New Delhi
Date of publication, distribution, etc 2025
300 ## - PHYSICAL DESCRIPTION
Pages xvii, 497
650 ## - Subject
Subject Financial Economics
650 ## - Subject
Subject Financial Operations
650 ## - Subject
Subject Excel
942 ## - ADDED ENTRY ELEMENTS (KOHA)
Koha item type Books
Holdings
Withdrawn status Lost status Source of classification or shelving scheme Damaged status Not for loan Location (home branch) Sublocation or collection (holding branch) Shelving location Date acquired Koha issues (times borrowed) Koha full call number Accession No. Koha date last seen Koha item type
    Dewey Decimal Classification     VIVEKANANDA LIBRARY VIVEKANANDA LIBRARY IMSAR Library 30/03/2026   332.0285 D33M(2) 421067 30/03/2026 Books
    Dewey Decimal Classification     VIVEKANANDA LIBRARY VIVEKANANDA LIBRARY IMSAR Library 30/03/2026   332.0285 D33M(2) 421068 30/03/2026 Books
    Dewey Decimal Classification     VIVEKANANDA LIBRARY VIVEKANANDA LIBRARY IMSAR Library 30/03/2026   332.0285 D33M(2) 421066 30/03/2026 Books
© Designed and Maintained by Vivekananda Library, MDU Rohtak